000 00576nam a2200205Ia 4500
008 131103s9999 xx 000 0 und d
040 _aLoreto College
041 _aEnglish
082 _a940.33/OAK
_bLCLIB/
100 _aOakes, Augustus
245 4 _aThe great european treaties of the nineteenth century
_cAugustus Oakes and R.B.Mowat
260 _aOxford
_bAt the clarendon
_c1921
300 _a403p.
_c 22cm.
504 _aIncludes index
650 _aHistory
651 _aHistory - Europe
700 _aMowat, R.B.
850 _aLCLIB/940.33/OAK
942 _cBK
999 _c25116
_d75595